The dragon queen /

Bibliographic Details
Main Author: Borchardt, Alice
Format: Book
Language:English
Published: New York : Del Rey, 2001.
Edition:1st ed.
Subjects:

MARC

Tag First Indicator Second Indicator Subfields
LEADER 00000cam a22000008a 4500
001 in00001639611
005 20151023084212.0
008 010712s2001 nyu 000 1 eng
010 |a  2001037970 
020 |a 0345443993 
035 |a (OCoLC)ocm47650633 
040 |a DLC  |c DLC  |d UtOrBLW 
043 |a e-uk-en 
049 |a TXAM 
050 0 0 |a PS3552.O687  |b D73 2001 
082 0 0 |a 813/.54  |2 21 
100 1 |a Borchardt, Alice. 
245 1 4 |a The dragon queen /  |c Alice Borchardt. 
246 0 |i Subtitle on jacket:  |a Tales of Guinevere 
250 |a 1st ed. 
263 |a 0110 
264 1 |a New York :  |b Del Rey,  |c 2001. 
300 |a 473 pages ;  |c 25 cm. 
336 |a text  |b txt  |2 rdacontent 
337 |a unmediated  |b n  |2 rdamedia 
338 |a volume  |b nc  |2 rdacarrier 
651 0 |a Cornwall (England : County)  |v Fiction. 
650 0 |a Arthurian romances  |v Adaptations. 
655 7 |a Historical fiction.  |2 gsafd 
655 7 |a Fantasy fiction.  |2 gsafd 
994 |a E0  |b TXA 
948 |a cataloged  |b h  |c 2001/11/29  |d c  |e ceaton  |f 1:51:28 pm 
949 |a updated-unicode data  |b h  |c 2005/9/20  |e jferguson 
999 |a MARS 
999 f f |s 137ed5d5-934a-3fae-a29f-eab890e532b6  |i 6cc63983-155c-3fe7-848d-7c6f5b2c16f5  |t 0 
952 f f |p ric  |a Texas A&M University  |b Rellis Campus  |c Joint Library Facility  |d Remote Storage  |t 0  |e PS3552.O687 D73 2001  |h Library of Congress classification  |i unmediated -- volume  |m A14828343720 
998 f f |a PS3552.O687 D73 2001  |t 0  |l Remote Storage